| 000 | 00952nam a22002537a 4500 | ||
|---|---|---|---|
| 999 |
_c10429 _d10429 |
||
| 003 | AR-CdUCM | ||
| 008 | 190401b ||||| |||| 00| 0 spa d | ||
| 040 |
_aMUNICIPALIDAD PROVINCIAL DEL CUSCO _cBIBLIOTECA MUNICIPAL DEL CUSCO |
||
| 082 |
_a030 / _bM41 / 1854. |
||
| 100 |
_aDe P. Mellado, Francisco _927280 |
||
| 245 | _aDiccionario Universal de literatura, ciencias, artes, agricultura, comercio y comercio / | ||
| 260 |
_aMadrid : _bEstablecimientos de Mellado, _c1854. |
||
| 300 |
_a1086 paginas ; _c23 cm. |
||
| 440 |
_aenciclopedia Moderna _n30 _927281 |
||
| 505 | _aContenido: t.30: Periodismo -- peripateticos -- peritoneo -- perjurio -- perlas -- t.34: Suplementos -- abaco -- abadir -- abarca -- abril -- acaso... | ||
| 650 |
_aDiccionario _95196 |
||
| 650 |
_aLiteratura _983 |
||
| 650 |
_aCiencias _98174 |
||
| 650 |
_aArtes _914491 |
||
| 650 |
_aIndustria _94386 |
||
| 650 |
_aComercio _9322 |
||
| 942 |
_2ddc _cLIBROS |
||
| 945 | _apjha | ||